000 00639nam a2200241Ia 4500
003 OSt
005 20221007080532.0
006 a|||||r|||| 00| 0
007 ta
008 221006b |||||||| |||| 00| 0 hin d
024 _a10,668
037 _cReference Collections
040 _aFLL
_cFLL
_bhin
041 _2hin
_ahin
082 _aO152:Z2, P1
100 _aChaudhary Pawan Au.
245 0 _aS.sahay ka dristikon
250 _a1st
260 _aNew Delhi
_bVidhi seva India
_c2001
300 _a114p
_ccm.
942 _hO152:Z2, P1
_cREF
_2CC
999 _c1160009
_d1160009